Estatísticas para Cultura Geral

Clique aqui para jogar o quiz

Estatísticas Gerais

  • Esse quiz foi jogado 29 vezes
  • A pontuação média é 5 de 15

Estatísticas das Respostas

HintResposta% Correto
Qual é a língua oficial de Nicarágua?Espanhol
96%
Que nome se dá á crença de que, após a morte, o eu pode entrar em um novo corpo?Reencarnação
67%
Que país tem Trípoli como capital?Líbia
48%
Quem canta a música "I Gotta a Feeling"?The Black Eyed Peas
48%
Que tipo de flor está ligada ao budismo?Lótus
44%
Quem era o líder tibetano mais conhecido?Dalai lama
41%
Em que península se encontra a Bulgária?Balcã
37%
Qual é a religião mais comum em Serra Leoa?Islamismo
37%
Que conceito no budismo (e outras religiões) , pode ser descrito aproximadamente como "o que vai, volta"?Karma
37%
Qual é o objetivo do caminho budista que é um estado de liberdade da ganância, medo e ignorância?Nirvana
22%
Quem canta a música "Creep"?Radiohead
19%
Que golfo faz fronteira com o Togo?Golfo da Guiné
11%
O que representa o círculo na bandeira de Laos?Lua
7%
Qual é a segunda maior cidade da Sérvia?Novi Sad
4%
Qual é a planta mais cultivada no Paraguai?Stevia
0%

Distribuição das Pontuações

Percentil de Números Respondidos

Porcentagem de Pessoas com Cada Pontuação

Sua Pontuação Histórica

Você não jogou esse quiz